LIBRARY & INFORMATION CENTRE, KCAET, TAVANUR

ONLINE PUBLIC ACCESS CATALOGUE (OPAC)

Waste containment systems,waste stabilization and lanfills:design and evaluation / (Record no. 10657)

MARC details
000 -LEADER
fixed length control field 00441cam a2200157ua 4500
041 ## - LANGUAGE CODE
Language code of text/sound track or separate title eng
082 ## - DEWEY DECIMAL CLASSIFICATION NUMBER
Classification number 628.4
Item number SHA/WA
100 ## - MAIN ENTRY--AUTHOR NAME
Personal name Sharma, Hari .
245 ## - TITLE STATEMENT
Title Waste containment systems,waste stabilization and lanfills:design and evaluation /
260 ## - PUBLICATION, DISTRIBUTION, ETC. (IMPRINT)
Place of publication London :
Name of publisher John Wiley & Sons ,
Year of publication 1994.
300 ## - PHYSICAL DESCRIPTION
Number of Pages 588 ; .
500 ## - GENERAL NOTE
General note **Reference
942 ## - ADDED ENTRY ELEMENTS (KOHA)
Koha item type Books
Holdings
Withdrawn status Lost status Damaged status Home library Current library Date acquired Full call number Accession Number Koha item type
      KAUAET KAUAET 07/04/2012 628.4 20386 Reference
free website counter